Catálogo

SPSS for research methods : (Registro nro. 66865)

Detalles MARC
000 -LEADER
fixed length control field 00909cam a2200253 i 4500
001 - CONTROL NUMBER
control field 66865
005 - DATE AND TIME OF LATEST TRANSACTION
control field 20191007111033.0
008 - FIXED-LENGTH DATA ELEMENTS--GENERAL INFORMATION
fixed length control field 170314s2015 nyua r 000 0 eng d
020 ## - INTERNATIONAL STANDARD BOOK NUMBER
International Standard Book Number 9780393938821 (pbk.)
040 ## - CATALOGING SOURCE
Original cataloging agency MX-PuUPA
Language of cataloging spa
Description conventions rda
Transcribing agency Mx-PuUPA
Modifying agency Mx-PuUPA
041 0# - LANGUAGE CODE
Language code of text/sound track or separate title eng
082 0# - DEWEY DECIMAL CLASSIFICATION NUMBER
Classification number 005.55
Item number WIL
100 1# - MAIN ENTRY--PERSONAL NAME
Personal name Wilson-Doenges, Georjeanna,
Relator term autor
9 (RLIN) 3689
245 10 - TITLE STATEMENT
Title SPSS for research methods :
Remainder of title a basic guide /
Statement of responsibility, etc. Georjeanna Wilson-Doenges.
264 #1 - PRODUCTION, PUBLICATION, DISTRIBUTION, MANUFACTURE, AND COPYRIGHT NOTICE
Place of production, publication, distribution, manufacture New York, NY :
Name of producer, publisher, distributor, manufacturer W. W. Norton & Company,
Date of production, publication, distribution, manufacture, or copyright notice 2015
300 ## - PHYSICAL DESCRIPTION
Extent xiv, 193 páginas :
Other physical details ilustraciones ;
Dimensions 26 cm.
336 ## - CONTENT TYPE
Content type term texto
Source rdacontent
Content type code txt
337 ## - MEDIA TYPE
Media type term sin medio
Source rdamedia
Media type code n
338 ## - CARRIER TYPE
Carrier type term volumen
Source rdacarrier
Carrier type code nc
650 #4 - SUBJECT ADDED ENTRY--TOPICAL TERM
Topical term or geographic name entry element SPSS para wonfows
650 #4 - SUBJECT ADDED ENTRY--TOPICAL TERM
Topical term or geographic name entry element Ciencias sociales
General subdivision Investigación
-- Metodología
650 #4 - SUBJECT ADDED ENTRY--TOPICAL TERM
Topical term or geographic name entry element Ciencias sociales
General subdivision Métodos estadísticos informáticos
942 ## - ADDED ENTRY ELEMENTS (KOHA)
Classification part 005.55
Item part WIL
Koha item type Libro
Existencias
Withdrawn status Lost status Source of classification or shelving scheme Damaged status Not for loan Collection code Home library Current library Shelving location Date acquired Source of acquisition Inventory number Total Checkouts Full call number Barcode Date last seen Price effective from Koha item type
    Dewey Decimal Classification     General Biblioteca Karol Wojtyla Biblioteca Karol Wojtyla Sala general 18/03/2017 Compra 151000000000000000059279   005.55 WIN 2015 97119 05/01/2026 26/10/2017 Libro
    Dewey Decimal Classification     General Biblioteca Karol Wojtyla Biblioteca Karol Wojtyla Sala general 14/03/2017 Compra 151000000000000000059280   005.55 WIN 2015 97118 05/01/2026 26/10/2017 Libro